| 000 | 01161nam a2200361Ia 4500 | ||
|---|---|---|---|
| 001 | Z_5010 | ||
| 003 | CHAP | ||
| 008 | 220113sc200 xx 000 0 und d | ||
| 010 | _a168066 | ||
| 020 | _a968-444-442-7 | ||
| 040 | _cCHAP | ||
| 082 | _a339.23 P37y 2001 | ||
| 100 |
_aParkin, Michael, 1939- _9138813 |
||
| 245 |
_aMicroeconomía : versión para latinoamérica / _cMichael Parkin; Editor Gerardo Esqiovel; traducción Julio Silverio Coro Pando... [et al] |
||
| 250 | _a5a ed. | ||
| 260 |
_aMéxico : _bPearson Educación, _cc200 |
||
| 300 | _axxxviii, 541, [16] p. | ||
| 500 | _aTraducido de la obra en inglés: Microeconomics, 5a ed. | ||
| 503 | _aej.1: Donado por la Profa. Maldonado Simán, Ema | ||
| 504 | _aIncluye índice y glosario | ||
| 650 |
_aEconomía _935226 |
||
| 650 |
_aGráficas _xTeoría de las _950766 |
||
| 650 |
_aMercadeo _974880 |
||
| 650 |
_aMicroeconomía _975508 |
||
| 650 |
_aOferta y demanda _982790 |
||
| 700 |
_aI. Esqiovel, Gerardo, ed. II. Coro Pando, Julio Silverio, tr. _9142331 |
||
| 901 | _a339.23 P37Y 2001 | ||
| 902 | _aM | ||
| 910 | _ac200 | ||
| 942 | _c1 | ||
| 942 | _cc1 | ||
| 999 |
_c168066 _d168066 |
||